Problems of the local market dominated by one large enterprise: an overview of central and eastern Europe and a case study of a Slovakian region

Na minha lista:
Detalhes bibliográficos
Autor principal: Huber, Peter
Outros Autores: Ochotnický, Pavol
Formato: Capítulo de Livro
Idioma:inglês
Tags: Adicionar Tag
Sem tags, seja o primeiro a adicionar uma tag!

MARC

LEADER 00000naa$a2200000$$$4500
001 0092691
005 20240502083235.8
041 0 |a eng 
044 |a FR 
245 1 0 |a Problems of the local market dominated by one large enterprise: an overview of central and eastern Europe and a case study of a Slovakian region  |c Peter Huber, Pavol Ochotnický 
100 1 |a Huber, Peter 
700 1 |a Ochotnický, Pavol